Quarks and gluons: a century of particle charges by M Y Han (Record no. 1211686)

MARC details
000 -LEADER
fixed length control field 00957nam a2200289Ia 4500
003 - CONTROL NUMBER IDENTIFIER
control field OSt
005 - DATE AND TIME OF LATEST TRANSACTION
control field 20221007123321.0
008 - FIXED-LENGTH DATA ELEMENTS--GENERAL INFORMATION
fixed length control field 221006b |||||||| |||| 00| 0 eng d
020 ## - INTERNATIONAL STANDARD BOOK NUMBER
International Standard Book Number 9810237456 (pbk)
037 ## - SOURCE OF ACQUISITION
Terms of availability Textual
040 ## - CATALOGING SOURCE
Original cataloging agency PAPL
Transcribing agency PAPL
Language of cataloging eng
041 ## - LANGUAGE CODE
Source of code eng
Language code of text/sound track or separate title eng
100 ## - MAIN ENTRY--PERSONAL NAME
Personal name Han M Y
9 (RLIN) 717072
245 #0 - TITLE STATEMENT
Title Quarks and gluons: a century of particle charges by M Y Han
260 ## - PUBLICATION, DISTRIBUTION, ETC.
Place of publication, distribution, etc. Singapore
Name of publisher, distributor, etc. World Scientific
Date of publication, distribution, etc. 1999
300 ## - PHYSICAL DESCRIPTION
Extent x,158p
Dimensions cm.
500 ## - GENERAL NOTE
General note Appendix 1-3, 129-158p; ^n23/CSL/Carpa/99-2000/602^d1999-12-10^mPurchase; ; 99-2000/328^b2000-01-21^c11513^d1999-12-14^eRs.548.86^fOverseas Press; ; 2000-01-20^bSB^c2000-01-21^r2000-02-15
650 ## - SUBJECT ADDED ENTRY--TOPICAL TERM
Topical term or geographic name entry element History
650 ## - SUBJECT ADDED ENTRY--TOPICAL TERM
Topical term or geographic name entry element Particle
650 ## - SUBJECT ADDED ENTRY--TOPICAL TERM
Topical term or geographic name entry element Physics
942 ## - ADDED ENTRY ELEMENTS (KOHA)
Classification part C9B36, N9
Koha item type Textual
Source of classification or shelving scheme Colon Classification (CC)
Holdings
Withdrawn status Lost status Source of classification or shelving scheme Damaged status Not for loan Home library Current library Date acquired Source of acquisition Cost, normal purchase price Total Checkouts Full call number Barcode Date last seen Cost, replacement price Price effective from Koha item type
    Colon Classification (CC)     Department of Physics and Astrophysics Library Department of Physics and Astrophysics Library 2022-10-07 Overseas, 14.00   C9B36 N9 PA0005243 2022-10-07 14.00 2022-10-07 Textual
Copyright @ Delhi University Library System